000
00274nam a22001097a 4500
082
_a
621.314 DUN'T
100
_a
AUSTIN, F. E,SIEFERT, W. A,DUNLOP, C. H
_9
57393
245
_a
PRINCIPLES AND APPLICATIONS
260
_a
LONDON
_b
TECHNICAL
_c
1964
300
_a
277P
942
_c
BK
999
_c
567681
_d
567681